| 000 | 00426nam a2200181Ia 4500 | ||
|---|---|---|---|
| 005 | 20240823041634.0 | ||
| 008 | 240823s9999||||xx |||||||||||||| ||und|| | ||
| 041 | _aTAMIL | ||
| 082 | _A700.7993 P5 | ||
| 100 | _aNadarasan P | ||
| 245 | 0 | _aPanbattu Nigalvugal THenkarai Maharasa Koil | |
| 250 | _a1st | ||
| 260 |
_c2005 _bthirumahal Noo |
||
| 500 | _aYES | ||
| 650 |
_aGeneral _bGeneral |
||
| 942 | _cBK | ||
| 999 |
_c205977 _d205977 |
||